| 000 | 01151nam a2200301Ia 4500 | ||
|---|---|---|---|
| 001 | ebr10086896 | ||
| 003 | CaPaEBR | ||
| 006 | m u | ||
| 007 | cr cn||||||||| | ||
| 008 | 951212s1995 nyua sb 001 0 eng d | ||
| 010 | _z 94024903 | ||
| 020 | _z0195094379 | ||
| 020 | _z0195094581 (pbk.) | ||
| 040 |
_aCaPaEBR _cCaPaEBR |
||
| 035 | _a(OCoLC)191942125 | ||
| 050 | 1 | 4 |
_aML457 _b.T37 1995eb |
| 100 | 1 | _aTaruskin, Richard. | |
| 245 | 1 | 0 |
_aText and act _h[electronic resource] : _bessays on music and performance / _cRichard Taruskin. |
| 260 |
_aNew York : _bOxford University Press, _c1995. |
||
| 300 |
_avi, 382 p. : _bill. |
||
| 504 | _aIncludes bibliographical references and index. | ||
| 533 |
_aElectronic reproduction. _bPalo Alto, Calif. : _cebrary, _d2009. _nAvailable via World Wide Web. _nAccess may be limited to ebrary affiliated libraries. |
||
| 650 | 0 | _aPerformance practice (Music) | |
| 650 | 0 | _aStyle, Musical. | |
| 655 | 7 |
_aElectronic books. _2local |
|
| 710 | 2 | _aebrary, Inc. | |
| 856 | 4 | 0 |
_uhttp://site.ebrary.com/lib/rucke/Doc?id=10086896 _zAn electronic book accessible through the World Wide Web; click to view |
| 999 |
_c51102 _d51102 |
||